000 00413nam a22001217a 4500
008 230815b |||||||| |||| 00| 0 eng d
020 _a978-1473719071
050 _aHV1568
_b.D57 2015
245 _aDisability in context :
_bA socio-eductional perspective in South Africa
_cEdited by Obert Maguvhe and Meahabo Dinah Magano
260 _aAustralia
_bCengage Learning
_c2015
300 _axiii, 191p.
942 _2lcc
_cBK
999 _c20229
_d20228